00555nam a2200193Ia 4500008004100000082002600041110003000067245011200097260002500209260002000234260000900254300001000263500000800273650001500281650002500296650001300321942001000334999001700344260428s9999 xx 000 0 und d a342.02 C758p 1991 HNA aRepública de Chile9308 0aConstitución política de la República de Chile y ley orgánica constitucional del Congreso Nacional. aRepública de Chile bSantiago, Chile c1991 a148p. aHNA aChile9121 aConstitución92299 aLey9643 clibro c20479d20479